The City in Urban Poverty /

Kaydedildi:
Detaylı Bibliyografya
Yazar: Charlotte Lemanski, Colin Marx (autor)
Materyal Türü: Kitap
Dil:İngilizce
Baskı/Yayın Bilgisi: Londres, Inglaterra : Palgrave Macmillan, 2015, c2015
Seri Bilgileri:(EADI Global Development Series)
Online Erişim:Ver documento en línea
Etiketler: Etiketle
Etiket eklenmemiş, İlk siz ekleyin!

MARC

LEADER 00000nam^a22000000a04500
001 000598703
009 20260414195009.118
020 |a 978-1-137-36743-3 
022 |a 2947-8537 
037 |a Acervo ITESO - Biblioteca 
041 |a ING 
082 |a Libro en línea 
100 |a Charlotte Lemanski, Colin Marx  |e (autor) 
245 |a The City in Urban Poverty / 
264 4 |a Londres, Inglaterra :  |b Palgrave Macmillan,  |c 2015, c2015 
264 2 |a Cham, Suiza :  |b Springer Link [distribución],  |c 2025 
300 |a 1 libro electrónico en línea (XX, 239 p.) 
300 |a 1 recurso en línea 
336 |a datos para computadora  |b cod  |2 rdacontenido 
337 |a computadora  |b c  |2 rdamedio 
338 |a recurso en línea  |b cr  |2 rdasoporte 
440 |a (EADI Global Development Series) 
506 0 |a Licencias ilimitadas 
567 |a Catalogación rápida 
649 |a XX 
856 4 0 |u https://link-springer-com.ezproxy.iteso.mx/10.1057/9781137367433  |y Ver documento en línea 
910 |a Fondo General 
920 |a Electrónicos - Libros en Línea 
930 |a Plataforma Digital 
905 |a 205 
902 |a https://opac.biblio.iteso.mx/vufind/Record/000598703